000
00371nam a2200145Ia 4500
008
231129s1994||||xx |||||||||||||| ||spa||
020
_a
84-87535-91-7
040
_b
spa
082
_a
751.422 B289i
100
_a
Bartlett Charles
245
0
_a
Introducción a la acuarela
260
_c
1994
264
_a
Blume
942
_2
ddc
_c
BKS
999
_c
15823
_d
15823